La Compañía de Jesús y la ciencia ilustrada: Juan Ignacio Molina y la historia natural y civil de Chile
Gespeichert in:
| 1. Verfasser: | |
|---|---|
| Format: | Buch |
| Sprache: | Spanisch |
| Veröffentlicht: |
Antofagasta
Universitarias
1993
|
| Ausgabe: | 1a. ed |
| Schlagworte: | |
| Tags: |
Tag hinzufügen
Keine Tags, Fügen Sie den ersten Tag hinzu!
|
MARC
| LEADER | 00000cam a2200000 a 4500 | ||
|---|---|---|---|
| 001 | UCG9134 | ||
| 003 | CL-VaPUC | ||
| 008 | 120120e19931000CL |||||||||||||||||spa|d | ||
| 020 | |a 9807012075 | ||
| 082 | 0 | 4 | |a 271.1083 |b GON |2 21 |
| 100 | |a González Pizarro, José Antonio |e autor |9 594871 | ||
| 245 | 1 | 3 | |a La Compañía de Jesús y la ciencia ilustrada: Juan Ignacio Molina y la historia natural y civil de Chile |
| 250 | |a 1a. ed | ||
| 300 | |a 91 p | ||
| 942 | |c BK | ||
| 945 | |d 20120120 00:00:00 |a dcastane | ||
| 260 | |a Antofagasta |b Universitarias |c 1993 | ||
| 600 | 0 | 7 | |a COMPAÑIA DE JESUS |2 CL-VaPUC |9 318179 |
| 650 | 0 | |a Jesuitas |9 268366 | |
| 651 | 7 | |a CHILE |2 CL-VaPUC |9 560545 | |
| 583 | |a last modification |c 20150730 04:13:51 |k Rodrigo Vera | ||
| 999 | |c 346701 |d 346699 | ||
| 952 | |0 0 |1 2 |4 0 |6 271_108300000000000_GON_1993 |7 0 |8 A |9 447509 |a BIBTEO |b BIBTEO |d 2019-11-22 |i 4836359 |o 271.1083 GON 1993 |p 4836359 |r 2019-11-22 |w 2019-11-22 |y BK |k ICR | ||